| 000 | 00470nam a2200169Ia 4500 | ||
|---|---|---|---|
| 008 | 230917s9999||||xx |||||||||||||| ||und|| | ||
| 020 | _cRS 495.00 | ||
| 040 |
_e5010914 _aMAIN |
||
| 041 | _aEnglish | ||
| 082 | _a300.72 B469P | ||
| 100 | _aBhayana, Sanjay | ||
| 245 | 0 | _aPh.D upadhi: Chunautiya evam samadhan | |
| 260 |
_aRohtak _bIntellectual Foundation(India) _c2020 |
||
| 300 | _a339 p. | ||
| 500 | _a4102 05/10/2021 HBD21/8866 11/10/2021 Main Budget | ||
| 942 | _cBK | ||
| 999 |
_c2530 _d2530 |
||